000 00668cam a2200253 4500
001 L155565
008 000000n1994 000 0 eng u
020 _a9780900417245
022 _a0142713X
035 _a(Sirsi) u155565
041 _aeng
050 _a692.5
245 _aGriffiths complete building price book 1994
250 _a40th ed.
260 _aBournemouth
_bGlenigan Cost Information Services
_c1994
300 _a780p
350 _a85
650 _aBUILT ENVIRONMENT-BUILDING COSTS
650 _aESTIMATING
650 _aBUILDING PRICE BOOKS
651 4 _aENGLAND AND WALES
690 _aBUILT ENVIRONMENT-BUILDING COSTS
942 _n0
999 _c113664
_d113664